| 000 | 02584cam a2200397 i 4500 | ||
|---|---|---|---|
| 001 | 768714001 | ||
| 003 | CO-MdFUSB | ||
| 005 | 20220406100524.0 | ||
| 007 | ta | ||
| 008 | 160705t2016 mnu b 001 0 eng | ||
| 020 | _a9780814681206 | ||
| 040 |
_aDLC _beng _erda _cCO-MdFUSB _dBTCTA _dYDXCP _dWIO _dLNT _dYDX _dCNTCS _dGHS _dKPS _dOCLCO _dOCLCQ _dBDX |
||
| 041 | _aeng | ||
| 082 |
_223 _a223.206 _bH793 |
||
| 100 | 1 |
_aHopkins, Denise Dombkowski, _eautor |
|
| 245 | 1 | 0 |
_aPsalms : _bbooks 2-3 _c/ Denise Dombkowski Hopkins ; editado por Barbara E. Reid |
| 264 | 1 |
_aCollegeville, Minnesota : _bA Michael Glazier Book, Liturgical Press, _c[2016] |
|
| 264 | _c© 2016 | ||
| 300 |
_a410 páginas ; _c24 cm. |
||
| 336 |
_atexto _btxt _2rdacontent. |
||
| 337 |
_asin mediación _bn _2rdamedia. |
||
| 338 |
_avolumen _bnc _2rdacarrier. |
||
| 490 | 1 | _aWisdom commentary ; | |
| 500 | _a"Un libro de Michael Glazier". | ||
| 504 | _aIncluye referencias bibliográficas (páginas 375-389) e índices. | ||
| 505 | _aLista de abreviaturas -- Agradecimientos -- Lista de colaboradores -- Prólogo -- Introducción del editor al comentario de sabiduría -- Introducción del autor -- Libro 2 del Salterio (pss 42-72) -- Libro 3 del Salterio (73-89) . | ||
| 520 | _aMuchos lectores están convencidos de que los Salmos son irremediablemente "masculinos", especialmente dado que setenta y tres de los 150 salmos comienzan con títulos que los vinculan con el rey David. En este volumen, Denise Dombkowski Hopkins presenta historias sobre mujeres en la Biblia hebrea junto con los Salmos 42-89 como "intertextos" para la interpretación. Las historias de mujeres como Ana, Rahab, Tamar, Betsabé, Susana, Judit, Sifra, Pua y la concubina del levita pueden generar un conjunto diferente de asociaciones para las metáforas de los salmos que las que se han presentado tradicionalmente. Estas diferentes asociaciones pueden brindarle al lector diferentes puntos de vista sobre la dinámica del poder, el género, la política, la religión, la familia y la economía en el antiguo Israel y en nuestras vidas hoy, que podrían ayudar a nombrar y transformar el quebrantamiento de nuestro mundo. | ||
| 563 | _aPasta dura | ||
| 630 | 7 |
_aBiblia. _pSalmos _xCrítica, interpretación, etc. |
|
| 700 |
_96357 _aReid, Barbara E. _eeditor |
||
| 776 | 0 | 8 |
_iOnline version: _aHopkins, Denise Dombkowski. _tPsalms. _dCollegeville, Minnesota : Liturgical Press, 2016 _z9780814681459 _w(DLC) 2016035650. |
| 830 | 0 |
_aWisdom commentary ; _vv. 21. |
|
| 942 | _cBK | ||
| 945 | _aJTF-925 | ||
| 999 |
_c67542 _d67542 |
||